Statistics for Most Liberal and Conservative States

Click here to take the quiz!

General Stats

  • This quiz has been taken 1,269 times
    (1,227 since last reset)
  • The average score is 26 of 30

Answer Stats

Rank% Voted DemocratAnswer% Correct
760.65%California
98%
1557.17%Texas
96%
463.41%New York
95%
1456.16%Washington
95%
760.55%Alabama
92%
1554.24%Oregon
92%
366.57%Vermont
91%
270.55%Hawaii
90%
1356.27%Maine
89%
1258.32%North Dakota
88%
562.70%Rhode Island
88%
1357.89%South Dakota
88%
366.77%Oklahoma
87%
268.64%Wyoming
87%
464.53%Idaho
86%
1059.71%Kansas
86%
172.79%Utah
86%
1257.60%Illinois
85%
860.24%Massachusetts
85%
1058.38%New Jersey
85%
660.57%Arkansas
84%
1457.57%Louisiana
84%
661.97%Maryland
84%
860.49%Kentucky
83%
959.80%Nebraska
83%
958.61%Delaware
82%
562.30%West Virginia
82%
1158.06%Connecticut
81%
1159.48%Tennessee
81%
190.91%District of Columbia
59%

Score Distribution

Percentile by Number Answered

Percent of People with Each Score

Your Score History

You have not taken this quiz since the last reset